000 00928nam a2200277Ia 4500
003 GCL
008 140319s9999 xx 000 0 ara d
040 _aGCL /
_cGCL
082 0 4 _aق
_b962.064
_bم م
100 1 _aمحمد حسنين هيكل
245 1 0 _aملفات السويس حرب الثلاثين سنة /
_cمحمد حسنين هيكل
250 _aالثالثة
260 _aالقاهرة :
_bمركز الاهرام للترجمة والنشر ،
_c1992
300 _a923 ص ؛
_c22 سم
650 0 4 _aالعصر الحديث
650 0 4 _aمصر
650 0 4 _aتاريخ
650 0 4 _aالاحوال السياسية
650 0 4 _aالعلاقات الخارجية
650 0 4 _aقناة السويس
650 0 4 _aالاعتداء الثلاثى على مصر 1956
650 0 4 _aالعصر الحجرى
650 0 4 _aتأميم
650 0 4 _aجمال عبدالناصر
942 _2ddc
_cBK
999 _c30947
_d30947